Dictionnaire d'agriculture : encyclopedie agricole complete
Αποθηκεύτηκε σε:
| Κύριος συγγραφέας: | |
|---|---|
| Μορφή: | Βιβλίο |
| Γλώσσα: | French |
| Δημοσίευση: |
Paris :
Hachette,
1889-1892
|
| Θέματα: | |
| Ετικέτες: |
Προσθήκη ετικέτας
Δεν υπάρχουν, Καταχωρήστε ετικέτα πρώτοι!
|
MARC
| LEADER | 00000cam a2200000 i 4500 | ||
|---|---|---|---|
| 001 | 1/69340 | ||
| 008 | 150407m18891892 fre d | ||
| 035 | |l 10121516 | ||
| 040 | |a GR-MY-UA |b gre |e aacr | ||
| 041 | 0 | |a fre | |
| 082 | 0 | |a 630.3 |2 (23) | |
| 100 | 1 | |a Barral, J. A. |q (Jean Augustin), |d 1819-1884. | |
| 245 | 1 | 0 | |a Dictionnaire d'agriculture : |b encyclopedie agricole complete / |c par J.-A. Barral ; continue sous la direction de Henry Sagnier, avec la collaboration de mm. H. Bouley, Deherain, Duclaux, de l'Academie des sciences... |
| 260 | |a Paris : |b Hachette, |c 1889-1892 | ||
| 300 | |a 4τ., (xv, 944,1052,1052,1108 σ.); |b εικ.; |c 25 εκ. | ||
| 500 | |a Ouvrage illustre d'un grand nombre de gravures | ||
| 505 | 0 | |a τ.1.A-B, τ.2.C-F, τ.3.G-O τ.5.P-Z | |
| 650 | 0 | 0 | |a Agriculture |x Dictionaries. |
| 700 | 1 | |4 oth |a Sagnier, Henry, |d 1845-1925. | |
| 852 | |a INST |b SAMOS |c MOR |e 20151125 |h 630.3 BAR |p 005300042095 |q 005300042095 |t NOLOAN |v τομ.3: |y 23 | ||
| 852 | |a INST |b SAMOS |c MOR |e 20151125 |h 630.3 BAR |p 005300042096 |q 005300042096 |t NOLOAN |v τομ.4: |y 23 | ||
| 853 | |a INST |b SAMOS |c MOR |h 630.3 BAR | ||
| 901 | |a BIBL3-2015-1 | ||
| 909 | |a Σ |b 192116 | ||
| 909 | |a Σ |b 192117 | ||
| 970 | |a ΣΙΤΖΙΜΗ |b ΓΙΑΣΕΜΗ |z 2015/04/07 | ||